Parives arthvijnan (Record no. 11319)

MARC details
000 -LEADER
fixed length control field 00397nam a22001577a 4500
005 - DATE AND TIME OF LATEST TRANSACTION
control field 20220602105545.0
008 - FIXED-LENGTH DATA ELEMENTS--GENERAL INFORMATION
fixed length control field 220602b ||||| |||| 00| 0 eng d
040 ## - CATALOGING SOURCE
Original cataloging agency IN-DiNC
Transcribing agency IN-DiNC
041 ## - LANGUAGE CODE
Language code of sung or spoken text Assamese
100 ## - MAIN ENTRY--PERSONAL NAME
Personal name Ahmed Rafique
Relator term Author
245 ## - TITLE STATEMENT
Title Parives arthvijnan
Statement of responsibility, etc. by Rafique Ahmed
250 ## - EDITION STATEMENT
Edition statement 1st ed.
260 ## - PUBLICATION, DISTRIBUTION, ETC.
Place of publication, distribution, etc. Unika prashan
Name of publisher, distributor, etc. Guwahati
Date of publication, distribution, etc. 2003
300 ## - PHYSICAL DESCRIPTION
Extent 336p.
942 ## - ADDED ENTRY ELEMENTS (KOHA)
Source of classification or shelving scheme Dewey Decimal Classification
Koha item type Books
Holdings
Withdrawn status Lost status Source of classification or shelving scheme Damaged status Not for loan Collection code Home library Current library Shelving location Date acquired Cost, normal purchase price Total Checkouts Barcode Date last seen Date last checked out Copy number Price effective from Koha item type
    Dewey Decimal Classification     Economics Central Library, Naharkatiya College Central Library, Naharkatiya College General Stacks 02/06/2022 120.00 5 3334 12/02/2024 09/02/2024 1 02/06/2022 Books

Naharkatiya College © 2020. All rights reserved.

Powered By